000 00416nam a2200133Ia 4500
005 20260328101516.0
008 260328s9999||||xx |||||||||||||| ||und||
100 _aLurcat, André
245 0 _aFormes composition et lois d'harmonie :
_b Elements d'une Science de l'estetique Architecturale - Vol. 4 /
_cAndré Lurcat
260 _bVincent Freal
300 _a520 p.
650 _aARQUITECTURA - ELEMENTOS
942 _cBK
999 _c9363
_d9363